000
00214nam a22000857a 4500
999
_c
10968
_d
10968
008
180704b ||||| |||| 00| 0 eng d
100
_a
Quinn Jason
_9
6765
245
_a
World War Two
260
_a
New Delhi
_b
Campfire
_c
2016